Le grand-ouest des États-Unis. (Record no. 52120)
[ view plain ]
| 000 -LEADER | |
|---|---|
| fixed length control field | 00725cam a22002291 4500 |
| 001 - CONTROL NUMBER | |
| control field | rc 01001539 |
| 003 - CONTROL NUMBER IDENTIFIER | |
| control field | DLC |
| 005 - DATE AND TIME OF LATEST TRANSACTION | |
| control field | 20260227111904.0 |
| 008 - FIXED-LENGTH DATA ELEMENTS--GENERAL INFORMATION | |
| fixed length control field | 860603s1869 fr b 000 0 fre |
| 010 ## - LIBRARY OF CONGRESS CONTROL NUMBER | |
| LC control number | rc 01001539 |
| 035 ## - SYSTEM CONTROL NUMBER | |
| System control number | (OCoLC)13681780 |
| 040 ## - CATALOGING SOURCE | |
| Original cataloging agency | DLC |
| Transcribing agency | KyU |
| Modifying agency | KyU |
| -- | DLC |
| 042 ## - AUTHENTICATION CODE | |
| Authentication code | premarc |
| 050 00 - LIBRARY OF CONGRESS CALL NUMBER | |
| Classification number | F594 |
| Item number | .S61 |
| 100 1# - MAIN ENTRY--PERSONAL NAME | |
| Personal name | Simonin, Louis, |
| Dates associated with a name | 1830-1886. |
| 245 13 - TITLE STATEMENT | |
| Title | Le grand-ouest des États-Unis. |
| Statement of responsibility, etc. | par L. Simonin. Les pionniers et les peaux-rouges: les colons du Pacifique. |
| 260 ## - PUBLICATION, DISTRIBUTION, ETC. | |
| Place of publication, distribution, etc. | Paris, |
| Name of publisher, distributor, etc. | Charpentier, |
| Date of publication, distribution, etc. | 1869. |
| 300 ## - PHYSICAL DESCRIPTION | |
| Extent | 3 p. l., [iii]-v, 364 p. |
| Other physical details | map. |
| Dimensions | 18 cm. |
| 651 #0 - SUBJECT ADDED ENTRY--GEOGRAPHIC NAME | |
| Geographic name | West (U.S.) |
| General subdivision | Description and travel. |
| 651 #0 - SUBJECT ADDED ENTRY--GEOGRAPHIC NAME | |
| Geographic name | California |
| General subdivision | History. |
| 650 #0 - SUBJECT ADDED ENTRY--TOPICAL TERM | |
| Topical term or geographic name entry element | Indians of North America. |
No items available.